LEADER 00756nam a2200241 i 4500 001 991004377437207536 005 20250416153901.0 008 250416s1991 it er 000 0 ita d 020 $a8833906280 040 $aBibl. Dip.le Aggr. Studi Umanistici - Sez. Filosofia$bita$cSocioculturale Scs 041 1 $aita$heng 082 04$a338.542$223 100 1 $aGalbraith, John Kenneth$033228 240 10$aThe great crash$94369384 245 03$aIl grande crollo /$cJohn K. Galbraith. 260 $aTorino :$bBollati Boringhieri,$c1991 300 $a218 p.$c22 cm 490 1 $aGli archi 651 4$aStati Uniti d'America$xCrisi economiche$y1929 830 4$aGli archi 912 $a991004377437207536 996 $aThe great crash$94369384 997 $aUNISALENTO